Statistics for General Knowledge Quiz #51

Click here to take the quiz!

General Stats

  • This quiz has been taken 149,834 times
    (29,440 since last reset)
  • The average score is 13 of 20

Answer Stats

QuestionAnswer% Correct
Who is the world record holder for the men's 100m and 200m sprints?Usain Bolt
93%
What 46 meter tall object did France give to the United States in the 1880s?The Statue of Liberty
89%
What country did the U.S. blockade in 1962 after the Soviet Union tried
to put nuclear missile bases there?
Cuba
83%
In what movie did an upside down Tobey Maguire kiss Kirsten Dunst?Spider-Man
82%
What species are also known as killer whales?Orcas
81%
Who is the main character of "The Hunger Games" series?Katniss Everdeen
76%
Who takes the Hippocratic Oath?Doctors
74%
What is the English translation of this Morse code: · · · – – – · · ·SOS
73%
If two's company, what is three?A crowd
72%
What did Peter Piper pick a peck of?{Pickled} {pepper}s
70%
What make of car was used as a time machine in "Back to the Future"?DeLorean
69%
Who won't you like when he's angry?The Incredible Hulk
64%
What animal is thought to have been domesticated in what is today
Kazakhstan around 3000 BC?
Horse
63%
In what modern-day country was the Viking settlement of Vinland located?Canada
60%
Who angered many people when he said "we're more popular than Jesus now"?John Lennon
56%
What comes in tapioca, figgy, and chocolate varieties?Pudding
55%
What disease has been on the brink of eradication for several years, with new cases
now only appearing in Pakistan and Afghanistan?
Polio
54%
What part of an automobile measures distance traveled?Odometer
50%
What political group was responsible for killing about 25% of the population of
Cambodia in the late 1970s?
Khmer Rouge
37%
Which retailer sells its famous Birkin bag for at least $11,000 – but makes it extremely
difficult to buy to create an artificial sense of scarcity?
Hermès
29%

Score Distribution

Percentile by Number Answered

Percent of People with Each Score

Your Score History

You have not taken this quiz since the last reset